Zlatá medaila MS prof. PhDr. Jánovi Kačalovi, DrSc.

Bibliographic Details
Main Author: Mulík, Peter, 1957- (Author)
Format: Article
Language:Slovak
ISSN:0862-8823
Subjects:

MARC

LEADER 00000nab a2200000 ar4500
001 vtls008984990
003 SK-MaSNL
005 20260303065415.0
008 070430c2007 xo sr|p|||||||000 b|slo
015 |a SNBRB2007/05  |2 snkbucl 
038 |a SNKBUCL 
040 |a SNKBUCL  |b slo  |c SNKBUCL  |e AACR2 
041 |a slo 
044 |a xo  |c SK 
080 |a 801-051:06.068  |2 1997 
080 |a 808.54-051  |2 1997 
100 1 |a Mulík, Peter,  |d 1957-  |4 aut  |9 104597 
245 1 0 |a Zlatá medaila MS prof. PhDr. Jánovi Kačalovi, DrSc.  |c Peter Mulík 
600 1 7 |a Kačala, Ján,  |d 1937-   |2 snkbucl  |9 89383 
650 0 7 |a Zlatá medaila Matice slovenskej (cena)  |x udelenie  |2 snkbucl  |9 1065414 
773 0 |t Slovenské národné noviny  |g Roč. 18 (22), č. 8 (2007), s. 2  |x 0862-8823 
852 |a SNK  |b KIS3GCP 
958 |a BX 
999 |c 1751079  |d 1753009